[Event "4. Torneo de Promoción C.A. Mar Menor"]
[Site "San Pedro del Pinatar ESP"]
[Date "2013.01.12"]
[Round "5.9"]
[White "Cartagena Sanchez, Javier"]
[Black "Donado-Mazarron Gomez, Miguel"]
[Result "1-0"]
[WhiteElo "2025"]
[BlackElo "2104"]
[PlyCount "113"]
[EventDate "2013.01.11"]
[EventType "swiss"]
[EventRounds "7"]
[EventCountry "ESP"]
[Source "lmi"]
[SourceDate "2013.01.11"]

1. e4 c5 2. c3 d6 3. d4 Nd7 4. Nf3 Qc7 5. Bd3 Ngf6 6. O-O e6 7. a4 Be7 8. Na3
b6 9. Qe2 Bb7 10. h3 h6 11. Bf4 g5 12. Bxd6 Qxd6 13. e5 Qc7 14. exf6 Nxf6 15.
Bb5+ Kf8 16. Ne5 Nd5 17. g3 Kg7 18. Bd3 h5 19. Nb5 Qc8 20. f4 gxf4 21. c4 Nf6
22. Rxf4 a6 23. Nc3 cxd4 24. Ne4 Qc7 25. Nxf6 Bxf6 26. Rxf6 Kxf6 27. Rf1+ Kg7
28. Rxf7+ Qxf7 29. Nxf7 Kxf7 30. Qf2+ Ke7 31. Qf4 Rad8 32. Qc7+ Rd7 33. Qxb6
Rg8 34. Qc5+ Kd8 35. Qe5 Kc8 36. Kh2 Rgg7 37. Qxh5 Rdf7 38. Qc5+ Kb8 39. Qxd4
Rd7 40. Qe5+ Ka7 41. g4 Rgf7 42. Be4 Rf2+ 43. Kg3 Re2 44. Qc5+ Kb8 45. Bxb7
Rxb7 46. b4 Ra2 47. b5 axb5 48. axb5 Rc2 49. g5 Rc7 50. Qb6+ Kc8 51. Qxe6+ Kb8
52. Qe8+ Rc8 53. Qe5+ Ka7 54. b6+ Kxb6 55. Qb5+ Kc7 56. g6 Rc3+ 57. Kg4 1-0

[Event "4. Torneo de Promoción C.A. Mar Menor"]
[Site "San Pedro del Pinatar ESP"]
[Date "2013.01.12"]
[Round "5.10"]
[White "Jimenez De La Torre, Jose A"]
[Black "Lopez Heras, Santiago"]
[Result "0-1"]
[WhiteElo "2101"]
[BlackElo "1955"]
[PlyCount "178"]
[EventDate "2013.01.11"]
[EventType "swiss"]
[EventRounds "7"]
[EventCountry "ESP"]
[Source "lmi"]
[SourceDate "2013.01.11"]

1. e4 e6 2. d4 c5 3. d5 exd5 4. exd5 d6 5. Nf3 Nf6 6. c4 g6 7. Nc3 Bg7 8. Bd3
O-O 9. O-O Bg4 10. h3 Bxf3 11. Qxf3 Nbd7 12. Qd1 a6 13. a4 Ne5 14. Be2 Re8 15.
f4 Ned7 16. Bf3 Qc7 17. g4 Nf8 18. Bd2 N6d7 19. Qc2 Re7 20. Rae1 Rae8 21. Rxe7
Rxe7 22. Ne4 Nf6 23. Ng3 Qd8 24. Bc3 Ne8 25. Bxg7 Nxg7 26. g5 Re3 27. Kf2 Re7
28. Ne4 Nf5 29. Nf6+ Kg7 30. Qc3 Nd4 31. Rd1 Qb6 32. Ne4 Nd7 33. a5 Qc7 34.
Rxd4 cxd4 35. Qxd4+ Kg8 36. b4 Rxe4 37. Qxe4 b6 38. Qe8+ Kg7 39. Bg4 Qxc4 40.
Qxd7 Qxf4+ 41. Bf3 Qd2+ 42. Kg3 Qe1+ 43. Kg2 Qd2+ 44. Kf1 Qc1+ 45. Kf2 Qd2+ 46.
Be2 Qd4+ 47. Kf1 Qf4+ 48. Kg2 Qxg5+ 49. Qg4 Qxd5+ 50. Qf3 Qg5+ 51. Kf2 Qh4+ 52.
Qg3 Qxb4 53. axb6 Qxb6+ 54. Kg2 a5 55. Qc3+ f6 56. Qc8 Qc5 57. Qd7+ Kh6 58. Qe7
Qe5 59. Qf8+ Kg5 60. h4+ Kf4 61. Qh6+ g5 62. Qh5 Qe3 63. Qg4+ Ke5 64. h5 Qe4+
65. Qxe4+ Kxe4 66. h6 f5 67. Bh5 f4 68. Bg6+ Ke5 69. Bxh7 Kf6 70. Kf3 a4 71.
Kg4 a3 72. Bb1 d5 73. Kf3 d4 74. h7 Kg7 75. Ke4 Kxh7 76. Kxd4+ Kh6 77. Ke4 Kh5
78. Ba2 Kh4 79. Kf3 Kh3 80. Be6+ Kh2 81. Bd5 Kg1 82. Bc4 Kh1 83. Be6 Kh2 84.
Bd5 Kh3 85. Be6+ Kh4 86. Ba2 g4+ 87. Kxf4 g3 88. Kf3 Kh3 89. Bd5 Kh2 0-1

[Event "4. Torneo de Promoción C.A. Mar Menor"]
[Site "San Pedro del Pinatar ESP"]
[Date "2013.01.13"]
[Round "6.1"]
[White "Verdaguer Muntanya, Marc"]
[Black "Sanchez Botella, Luis Javier"]
[Result "0-1"]
[WhiteElo "2111"]
[BlackElo "2196"]
[PlyCount "50"]
[EventDate "2013.01.11"]
[EventType "swiss"]
[EventRounds "7"]
[EventCountry "ESP"]
[Source "lmi"]
[SourceDate "2013.01.11"]

1. d4 Nf6 2. Nf3 e6 3. Bg5 c5 4. e3 b6 5. Nbd2 Be7 6. Bd3 Bb7 7. c3 O-O 8. Qe2
d6 9. e4 cxd4 10. cxd4 Nbd7 11. O-O e5 12. Rad1 exd4 13. Nxd4 Ne5 14. Bb1 Re8
15. f4 Ng6 16. Bxf6 Bxf6 17. Qd3 Qc8 18. Rc1 Qg4 19. h3 Nxf4 20. hxg4 Nxd3 21.
Rxf6 Nxc1 22. Rf1 Rac8 23. Nf5 Ba6 24. Re1 Re6 25. Nf3 g6 0-1

[Event "4. Torneo de Promoción C.A. Mar Menor"]
[Site "San Pedro del Pinatar ESP"]
[Date "2013.01.13"]
[Round "6.2"]
[White "Soto Diaz, Jose Antonio"]
[Black "Picazo Lopez, Juan Antonio"]
[Result "1-0"]
[WhiteElo "2047"]
[BlackElo "2170"]
[PlyCount "87"]
[EventDate "2013.01.11"]
[EventType "swiss"]
[EventRounds "7"]
[EventCountry "ESP"]
[Source "lmi"]
[SourceDate "2013.01.11"]

1. e4 d5 2. exd5 Nf6 3. Nf3 Nxd5 4. h3 g6 5. d4 Bg7 6. c3 O-O 7. Bd3 c5 8. dxc5
e5 9. O-O h6 10. Be4 Nc7 11. Qb3 Nba6 12. Be3 Qe7 13. c6 b6 14. c4 f5 15. Bd5+
Kh7 16. Nc3 e4 17. Nh2 f4 18. Bd2 Nc5 19. Qc2 Nxd5 20. Nxd5 Qd6 21. f3 e3 22.
Bc3 Bf5 23. Qd1 Bd3 24. Re1 Bxc3 25. Nxc3 Rad8 26. c7 Qxc7 27. Nd5 Qe5 28. b3
b5 29. Qc1 bxc4 30. bxc4 Bxc4 31. Nxe3 Be6 32. Nc2 Qg5 33. Re2 Bxh3 34. Qa3 Rf7
35. Rae1 Nd3 36. Rd1 Bf5 37. Qc3 Rc8 38. Qb3 Rd7 39. Ne1 Rcd8 40. Red2 Qe7 41.
Nxd3 Qe3+ 42. Kh1 Rxd3 43. Ng4 Qd4 44. Rxd3 1-0

[Event "4. Torneo de Promoción C.A. Mar Menor"]
[Site "San Pedro del Pinatar ESP"]
[Date "2013.01.13"]
[Round "6.3"]
[White "Moreno Valle, Agustin"]
[Black "Burriel, Carlos"]
[Result "1-0"]
[WhiteElo "2046"]
[BlackElo "2136"]
[PlyCount "85"]
[EventDate "2013.01.11"]
[EventType "swiss"]
[EventRounds "7"]
[EventCountry "ESP"]
[Source "lmi"]
[SourceDate "2013.01.11"]

1. e4 c5 2. Nf3 d6 3. Bd3 Nc6 4. h3 g6 5. c3 Bg7 6. Bc2 Nf6 7. d4 cxd4 8. cxd4
O-O 9. Nc3 d5 10. e5 Ne8 11. O-O Nc7 12. Be3 f6 13. exf6 exf6 14. Qd2 Re8 15.
Rfe1 Be6 16. Rac1 Rc8 17. Na4 b6 18. Bd3 Qd7 19. Nc3 Bf8 20. Bf4 Bd6 21. Re2
Na5 22. Rce1 Nc4 23. Bxc4 dxc4 24. d5 Bf5 25. Rxe8+ Rxe8 26. Rxe8+ Nxe8 27. Nd4
Bd3 28. Qe3 Bxf4 29. Qxf4 Qd6 30. Qf3 a6 31. a3 Qe5 32. Nc6 Qd6 33. Qe3 Nc7 34.
Qxb6 Kg7 35. Qb4 Qxb4 36. Nxb4 Kf7 37. Nxd3 cxd3 38. Kf1 Ne8 39. Ke1 Nd6 40. b3
f5 41. Kd2 Ne4+ 42. Nxe4 fxe4 43. f3 1-0

[Event "4. Torneo de Promoción C.A. Mar Menor"]
[Site "San Pedro del Pinatar ESP"]
[Date "2013.01.13"]
[Round "6.4"]
[White "Lopez Heras, Santiago"]
[Black "Castilla Leon Salas, Carlos"]
[Result "0-1"]
[WhiteElo "1955"]
[BlackElo "2127"]
[PlyCount "71"]
[EventDate "2013.01.11"]
[EventType "swiss"]
[EventRounds "7"]
[EventCountry "ESP"]
[Source "lmi"]
[SourceDate "2013.01.11"]

1. e4 c5 2. Nf3 d6 3. d4 cxd4 4. Nxd4 Nf6 5. Nc3 g6 6. Bc4 Bg7 7. O-O Nc6 8.
Nxc6 bxc6 9. Bb3 O-O 10. Bg5 a5 11. a4 Nd7 12. Qd2 Nc5 13. Bh6 Nxb3 14. cxb3
Rb8 15. Bxg7 Kxg7 16. Ra3 Be6 17. Na2 f6 18. Rc1 Qb6 19. Rc3 c5 20. h4 Rfc8 21.
h5 g5 22. Rg3 c4 23. Kh2 cxb3 24. Nc3 Qc5 25. f4 h6 26. Ra1 Bf7 27. fxg5 hxg5
28. Rf1 Rh8 29. Rf5 Rxh5+ 30. Rh3 Rxh3+ 31. gxh3 Qb4 32. Qg2 Rh8 33. Rb5 Qd4
34. Rxa5 Be6 35. Rf5 Bxf5 36. exf5 0-1

[Event "4. Torneo de Promoción C.A. Mar Menor"]
[Site "San Pedro del Pinatar ESP"]
[Date "2013.01.13"]
[Round "6.5"]
[White "Barrios Muñoz, Rafael Carlos"]
[Black "Hostalet Ferrer, Pedro Enrique"]
[Result "1/2-1/2"]
[WhiteElo "2126"]
[BlackElo "2032"]
[PlyCount "45"]
[EventDate "2013.01.11"]
[EventType "swiss"]
[EventRounds "7"]
[EventCountry "ESP"]
[Source "lmi"]
[SourceDate "2013.01.11"]

1. d4 d5 2. Bg5 c5 3. Nc3 Qa5 4. Nf3 e6 5. e3 Nf6 6. Bxf6 gxf6 7. Bb5+ Bd7 8.
Bxd7+ Nxd7 9. O-O f5 10. Ne2 Nf6 11. Ne5 Bg7 12. Nf4 Qc7 13. c4 dxc4 14. Qa4+
Nd7 15. Nh5 Rg8 16. Nxg7+ Rxg7 17. Rfd1 Ke7 18. Nxd7 Qxd7 19. Qxc4 cxd4 20.
Qb4+ Ke8 21. Rxd4 Qc6 22. f3 a5 23. Qd2 1/2-1/2

[Event "4. Torneo de Promoción C.A. Mar Menor"]
[Site "San Pedro del Pinatar ESP"]
[Date "2013.01.13"]
[Round "6.6"]
[White "Diaz Rodriguez, Jose Antonio"]
[Black "Cartagena Sanchez, Javier"]
[Result "1-0"]
[WhiteElo "2097"]
[BlackElo "2025"]
[PlyCount "59"]
[EventDate "2013.01.11"]
[EventType "swiss"]
[EventRounds "7"]
[EventCountry "ESP"]
[Source "lmi"]
[SourceDate "2013.01.11"]

1. e4 e5 2. Nf3 Nc6 3. Bc4 Nf6 4. Nc3 Be7 5. d4 d6 6. d5 Nb8 7. Be3 O-O 8. h3
a5 9. Qd2 Na6 10. g4 Bd7 11. g5 Nh5 12. Be2 g6 13. h4 a4 14. Nh2 Ng7 15. f4
exf4 16. Bxf4 Nc5 17. Ng4 b5 18. Nh6+ Kh8 19. a3 Rb8 20. Qd4 f6 21. Rb1 Na6 22.
Nd1 c5 23. Qd2 Qb6 24. Be3 b4 25. axb4 Nxb4 26. c4 Na6 27. Qc3 Qb4 28. Bd2 Qxc3
29. Bxc3 Nb4 30. Bd2 1-0

[Event "4. Torneo de Promoción C.A. Mar Menor"]
[Site "San Pedro del Pinatar ESP"]
[Date "2013.01.13"]
[Round "6.7"]
[White "Lopez Garcia, Francisco Andres"]
[Black "Rubio Tapia, Jose Juan"]
[Result "0-1"]
[WhiteElo "1992"]
[BlackElo "2113"]
[PlyCount "96"]
[EventDate "2013.01.11"]
[EventType "swiss"]
[EventRounds "7"]
[EventCountry "ESP"]
[Source "lmi"]
[SourceDate "2013.01.11"]

1. e4 e5 2. Nf3 Nf6 3. Nc3 Bb4 4. Bc4 O-O 5. O-O Nc6 6. d3 Bxc3 7. bxc3 d5 8.
exd5 Nxd5 9. Ng5 h6 10. Qf3 Nce7 11. Ne4 Kh8 12. Ng3 c6 13. d4 Ng6 14. Bd3 exd4
15. cxd4 Nf6 16. c3 Bg4 17. Qe3 Nd5 18. Qd2 Qh4 19. Bxg6 fxg6 20. f3 Bd7 21.
Qd3 Qf6 22. Rb1 b5 23. Bd2 Nb6 24. Rbe1 Rae8 25. Ne4 Qf5 26. g4 Qd5 27. Qe2 Nc4
28. Bc1 g5 29. Qg2 a5 30. Qg3 b4 31. cxb4 Qxd4+ 32. Kg2 axb4 33. Rd1 Qa7 34. h4
gxh4 35. Qxh4 Re6 36. g5 Rg6 37. Rf2 Bf5 38. Ng3 Ne3+ 39. Bxe3 Qxe3 40. Qxb4
Rf7 41. Qb8+ Kh7 42. Rd8 Rxg5 43. Rh8+ Kg6 44. Re8 Qd4 45. Rd8 Qh4 46. Rd6+ Kh7
47. Rd8 Qh3+ 48. Kg1 Rxg3+ 0-1

[Event "4. Torneo de Promoción C.A. Mar Menor"]
[Site "San Pedro del Pinatar ESP"]
[Date "2013.01.13"]
[Round "6.8"]
[White "Borja Perez, Jose"]
[Black "Fabre Massana, Miquel"]
[Result "0-1"]
[WhiteElo "1958"]
[BlackElo "2110"]
[PlyCount "68"]
[EventDate "2013.01.11"]
[EventType "swiss"]
[EventRounds "7"]
[EventCountry "ESP"]
[Source "lmi"]
[SourceDate "2013.01.11"]

1. e4 e5 2. Nf3 d6 3. Bc4 Be7 4. d4 exd4 5. Nxd4 Nf6 6. Nc3 O-O 7. O-O Nc6 8.
h3 Nxd4 9. Qxd4 c6 10. a4 Nd7 11. Bf4 Qc7 12. Rad1 Ne5 13. Ba2 Bxh3 14. Qe3 Bg4
15. f3 Bh5 16. Rd2 Bg6 17. Rfd1 b6 18. Bg5 Rad8 19. Bb3 Kh8 20. Ne2 Rfe8 21.
Bxe7 Qxe7 22. f4 Ng4 23. Qh3 f5 24. Nd4 Qxe4 25. Re2 Qxd4+ 26. Rxd4 Rxe2 27.
Kf1 Rde8 28. Rd1 d5 29. Qc3 Rf2+ 30. Kg1 Ree2 31. Qg3 Rxg2+ 32. Qxg2 Rxg2+ 33.
Kh1 Nf2+ 34. Kxg2 Nxd1 0-1

[Event "4. Torneo de Promoción C.A. Mar Menor"]
[Site "San Pedro del Pinatar ESP"]
[Date "2013.01.13"]
[Round "6.9"]
[White "Serarols Mabras, Bernat"]
[Black "Delgado Lozano, Jose Manuel"]
[Result "1-0"]
[WhiteElo "2023"]
[BlackElo "1935"]
[PlyCount "63"]
[EventDate "2013.01.11"]
[EventType "swiss"]
[EventRounds "7"]
[EventCountry "ESP"]
[Source "lmi"]
[SourceDate "2013.01.11"]

1. d4 d5 2. c4 c6 3. Nf3 Nf6 4. e3 e6 5. Nc3 Be7 6. Qc2 Nbd7 7. Be2 O-O 8. O-O
dxc4 9. Bxc4 b5 10. Be2 a6 11. Rd1 Qc7 12. e4 Bb7 13. Bg5 Nb6 14. e5 Nfd5 15.
Ne4 Bxg5 16. Nexg5 g6 17. Ne4 Nd7 18. Nfg5 c5 19. Nxc5 Rac8 20. Nge4 Nxc5 21.
Nxc5 f6 22. Qd2 Qf7 23. Bf3 Ba8 24. exf6 Qxf6 25. Nd7 Qf5 26. Nxf8 Rc2 27. Qh6
Nf6 28. Bxa8 Qxf2+ 29. Kh1 Nd5 30. Bxd5 exd5 31. Qxh7+ Kxf8 32. Rf1 1-0

[Event "4. Torneo de Promoción C.A. Mar Menor"]
[Site "San Pedro del Pinatar ESP"]
[Date "2013.01.13"]
[Round "6.10"]
[White "Garcia Martinez, Marcos"]
[Black "Garcia Sanz, Eduardo"]
[Result "1-0"]
[WhiteElo "1878"]
[BlackElo "2007"]
[PlyCount "89"]
[EventDate "2013.01.11"]
[EventType "swiss"]
[EventRounds "7"]
[EventCountry "ESP"]
[Source "lmi"]
[SourceDate "2013.01.11"]

1. d4 d5 2. g3 Nf6 3. Nf3 e6 4. c4 Be7 5. Bg2 O-O 6. O-O c5 7. cxd5 exd5 8. Nc3
Nc6 9. Bf4 Bg4 10. dxc5 Bxc5 11. Rc1 Bd6 12. Bg5 Be7 13. Bxf6 Bxf6 14. Nxd5
Bxb2 15. Rb1 Ba3 16. Qd3 Rb8 17. Rfd1 Bc5 18. Qc4 Bxf3 19. Bxf3 Bd6 20. Ne3 Ne5
21. Qd5 Nxf3+ 22. exf3 Bc7 23. Qc4 Qc8 24. Nd5 Bd6 25. Qxc8 Rfxc8 26. Nb6 Rd8
27. Nc4 Bc7 28. Rxd8+ Bxd8 29. Ne5 b6 30. Nc6 Rc8 31. Nxa7 Rc2 32. a4 g6 33. a5
Ra2 34. Nc6 Bc7 35. axb6 Bd6 36. b7 Rc2 37. b8=Q+ Bxb8 38. Rxb8+ Kg7 39. Nd4
Rc7 40. Rd8 Re7 41. Kg2 Ra7 42. f4 Ra5 43. Rd7 Kf6 44. g4 Ra4 45. g5+ 1-0

[Event "4. Torneo de Promoción C.A. Mar Menor"]
[Site "San Pedro del Pinatar ESP"]
[Date "2013.01.13"]
[Round "7.3"]
[White "Fabre Massana, Miquel"]
[Black "Barrios Muñoz, Rafael Carlos"]
[Result "1-0"]
[WhiteElo "2110"]
[BlackElo "2126"]
[PlyCount "59"]
[EventDate "2013.01.11"]
[EventType "swiss"]
[EventRounds "7"]
[EventCountry "ESP"]
[Source "lmi"]
[SourceDate "2013.01.11"]

1. e4 c5 2. Nf3 a6 3. c3 Nf6 4. e5 Nd5 5. d4 cxd4 6. cxd4 e6 7. Nc3 Nxc3 8.
bxc3 d6 9. Be2 Nc6 10. exd6 Bxd6 11. O-O O-O 12. Be3 e5 13. d5 Ne7 14. c4 Nf5
15. Qb3 Nxe3 16. Qxe3 Qe7 17. Rac1 b6 18. Qxb6 e4 19. c5 Bf4 20. d6 Qf6 21.
Rcd1 exf3 22. Bxf3 Qh6 23. g3 Rb8 24. Qxb8 Bh3 25. Qb7 Bxf1 26. Rxf1 Be5 27.
Qd5 Qf6 28. Re1 Bc3 29. Rd1 Rd8 30. c6 1-0

[Event "4. Torneo de Promoción C.A. Mar Menor"]
[Site "San Pedro del Pinatar ESP"]
[Date "2013.01.13"]
[Round "7.4"]
[White "Rubio Tapia, Jose Juan"]
[Black "Garcia Martinez, Marcos"]
[Result "1/2-1/2"]
[WhiteElo "2113"]
[BlackElo "1878"]
[PlyCount "75"]
[EventDate "2013.01.11"]
[EventType "swiss"]
[EventRounds "7"]
[EventCountry "ESP"]
[Source "lmi"]
[SourceDate "2013.01.11"]

1. d4 e6 2. c4 Bb4+ 3. Bd2 Qe7 4. Nf3 Nf6 5. a3 Bxd2+ 6. Qxd2 a5 7. Nc3 d6 8.
e4 e5 9. dxe5 dxe5 10. Be2 O-O 11. Rd1 Nbd7 12. O-O Nc5 13. Qc2 a4 14. Nd5 Nxd5
15. cxd5 b6 16. Nd2 Qg5 17. Nc4 Ba6 18. d6 Bxc4 19. Bxc4 c6 20. Ba2 Rad8 21.
Rfe1 Qg6 22. Qc3 Rxd6 23. Qxe5 Nd3 24. Qe7 Nxe1 25. Rxe1 Rfd8 26. g3 Qf6 27.
Qc7 Qf3 28. Rf1 b5 29. h4 h5 30. Qe7 Rd1 31. Bd5 Rf8 32. Bxc6 Rc8 33. Qb7 Rcd8
34. Bd5 R1xd5 35. exd5 Qxd5 36. Qe7 Qd6 37. Qe2 Qd5 38. Re1 1/2-1/2

[Event "4. Torneo de Promoción C.A. Mar Menor"]
[Site "San Pedro del Pinatar ESP"]
[Date "2013.01.13"]
[Round "7.5"]
[White "Hostalet Ferrer, Pedro Enrique"]
[Black "Diaz Rodriguez, Jose Antonio"]
[Result "1/2-1/2"]
[WhiteElo "2032"]
[BlackElo "2097"]
[PlyCount "44"]
[EventDate "2013.01.11"]
[EventType "swiss"]
[EventRounds "7"]
[EventCountry "ESP"]
[Source "lmi"]
[SourceDate "2013.01.11"]

1. d4 d5 2. c4 c6 3. Nf3 Nf6 4. Nc3 e6 5. e3 Be7 6. Bd3 O-O 7. O-O Nbd7 8. e4
dxe4 9. Nxe4 Nxe4 10. Bxe4 Nf6 11. Bc2 c5 12. Qd3 cxd4 13. Bg5 g6 14. Rad1 e5
15. Nxe5 Bf5 16. Qe2 Bxc2 17. Qxc2 Qc7 18. Nf3 Rfd8 19. g3 b5 20. Rxd4 Rxd4 21.
Nxd4 bxc4 22. Rc1 Rc8 1/2-1/2

[Event "4. Torneo de Promoción C.A. Mar Menor"]
[Site "San Pedro del Pinatar ESP"]
[Date "2013.01.13"]
[Round "7.6"]
[White "Picazo Lopez, Juan Antonio"]
[Black "Serarols Mabras, Bernat"]
[Result "0-1"]
[WhiteElo "2170"]
[BlackElo "2023"]
[PlyCount "70"]
[EventDate "2013.01.11"]
[EventType "swiss"]
[EventRounds "7"]
[EventCountry "ESP"]
[Source "lmi"]
[SourceDate "2013.01.11"]

1. d4 Nf6 2. c4 e6 3. Nc3 Bb4 4. e3 d5 5. cxd5 exd5 6. Bd3 Nbd7 7. Nge2 O-O 8.
O-O b6 9. a3 Be7 10. b4 Bb7 11. Rb1 a5 12. b5 c5 13. a4 c4 14. Bc2 Bb4 15. f3
Qe7 16. g4 Rfe8 17. Bd2 g6 18. Rf2 Rf8 19. Qf1 h5 20. Qg2 hxg4 21. fxg4 Ne4 22.
Bxe4 dxe4 23. Rbf1 Rad8 24. g5 Ne5 25. Kh1 Nf3 26. Bc1 Qxg5 27. Qxg5 Nxg5 28.
Rf4 Rfe8 29. h4 Nf3 30. d5 Bxd5 31. Nxd5 Rxd5 32. Ng3 f5 33. h5 Bd6 34. hxg6
Bxf4 35. exf4 Kg7 0-1

[Event "4. Torneo de Promoción C.A. Mar Menor"]
[Site "San Pedro del Pinatar ESP"]
[Date "2013.01.13"]
[Round "7.7"]
[White "Burriel, Carlos"]
[Black "Belinchon Calleja, David"]
[Result "0-1"]
[WhiteElo "2136"]
[BlackElo "2023"]
[PlyCount "50"]
[EventDate "2013.01.11"]
[EventType "swiss"]
[EventRounds "7"]
[EventCountry "ESP"]
[Source "lmi"]
[SourceDate "2013.01.11"]

1. d4 d5 2. c4 dxc4 3. Nf3 Nf6 4. e3 e6 5. Bxc4 a6 6. Bb3 c5 7. O-O Nc6 8. Qe2
cxd4 9. Rd1 Be7 10. exd4 O-O 11. Nc3 Na5 12. Bc2 b5 13. Bg5 Bb7 14. a3 Nc4 15.
Ne5 Rc8 16. Rd3 Nxb2 17. Bxf6 Bxf6 18. Rh3 g6 19. Qe3 Bg7 20. Rb1 Nc4 21. Qf4
Nxa3 22. Ng4 Rxc3 23. Rxc3 Nxb1 24. Rc7 e5 25. dxe5 Qxc7 0-1

[Event "4. Torneo de Promoción C.A. Mar Menor"]
[Site "San Pedro del Pinatar ESP"]
[Date "2013.01.13"]
[Round "7.8"]
[White "Martinez Vicente, Gregorio"]
[Black "Verdaguer Muntanya, Marc"]
[Result "0-1"]
[WhiteElo "1997"]
[BlackElo "2111"]
[PlyCount "82"]
[EventDate "2013.01.11"]
[EventType "swiss"]
[EventRounds "7"]
[EventCountry "ESP"]
[Source "lmi"]
[SourceDate "2013.01.11"]

1. d4 d5 2. Nf3 c6 3. g3 Bg4 4. Bg2 e6 5. O-O Bd6 6. c4 Nd7 7. Nc3 Ngf6 8. Re1
O-O 9. Qb3 Rb8 10. Bg5 h6 11. Bxf6 Nxf6 12. Ne5 Bf5 13. e4 dxe4 14. Nxe4 Bxe4
15. Bxe4 Nxe4 16. Rxe4 Qc7 17. Rae1 Rbd8 18. Nf3 Rd7 19. Qe3 Rfd8 20. Rg4 Kh8
21. a3 c5 22. dxc5 Bxc5 23. Qc3 Bf8 24. Rd4 Rxd4 25. Nxd4 Bc5 26. Nb3 Be7 27.
Qc2 Bf6 28. Re2 Qc6 29. Nd2 Qa6 30. Ne4 Bd4 31. Rd2 e5 32. Nc5 Qc6 33. b4 Qf3
34. Ne4 f5 35. Nc3 a6 36. Nd5 b5 37. Rd3 Bxf2+ 38. Kf1 Be3+ 39. Ke1 Qh1+ 40.
Ke2 Qg2+ 41. Kd1 Qf1# 0-1

[Event "4. Torneo de Promoción C.A. Mar Menor"]
[Site "San Pedro del Pinatar ESP"]
[Date "2013.01.13"]
[Round "7.9"]
[White "Lopez Heras, Santiago"]
[Black "Donado-Mazarron Gomez, Miguel"]
[Result "0-1"]
[WhiteElo "1955"]
[BlackElo "2104"]
[PlyCount "108"]
[EventDate "2013.01.11"]
[EventType "swiss"]
[EventRounds "7"]
[EventCountry "ESP"]
[Source "lmi"]
[SourceDate "2013.01.11"]

1. e4 c5 2. Nf3 d6 3. d4 cxd4 4. Nxd4 Nf6 5. Nc3 a6 6. Bg5 e6 7. Qd2 h6 8. Bh4
Nxe4 9. Qf4 Nf6 10. Qf3 Nbd7 11. O-O-O Be7 12. Bd3 Ne5 13. Qe2 b5 14. f4 Nxd3+
15. Rxd3 Bb7 16. Re1 O-O 17. Nf5 b4 18. Nxe7+ Qxe7 19. Nd1 Rac8 20. Kb1 a5 21.
g4 Ba6 22. Qe3 Bxd3 23. Qxd3 Qc7 24. g5 hxg5 25. fxg5 Nd5 26. g6 Nf4 27. gxf7+
Rxf7 28. Qd2 e5 29. Bg3 d5 30. Ne3 d4 31. Ng4 Re7 32. Nf2 Ng2 33. Rc1 Qc6 34.
Ng4 Rce8 35. Nxe5 Rxe5 36. Bxe5 Rxe5 37. Qxd4 Re4 38. Qd8+ Re8 39. Qxa5 Qc4 40.
Qa4 Re2 41. a3 Nf4 42. Qxb4 Qc7 43. h4 Rh2 44. Qb3+ Kh8 45. Qg3 Rg2 46. Qf3 Qe5
47. Rd1 Re2 48. Rd8+ Kh7 49. Qb3 Ng6 50. Qg8+ Kh6 51. Rd5 Qe4 52. Rc5 Qxh4 53.
Rc8 Qf2 54. Rc3 Re3 0-1

[Event "4. Torneo de Promoción C.A. Mar Menor"]
[Site "San Pedro del Pinatar ESP"]
[Date "2013.01.13"]
[Round "7.10"]
[White "Jimenez De La Torre, Jose A"]
[Black "Castillo Lorente, Jose Luis"]
[Result "1-0"]
[WhiteElo "2101"]
[BlackElo "1734"]
[PlyCount "45"]
[EventDate "2013.01.11"]
[EventType "swiss"]
[EventRounds "7"]
[EventCountry "ESP"]
[Source "lmi"]
[SourceDate "2013.01.11"]

1. e4 c5 2. Nf3 d6 3. d4 cxd4 4. Nxd4 Nf6 5. Nc3 Nc6 6. Bc4 e6 7. Bb3 Be7 8.
O-O O-O 9. f4 Na5 10. f5 Nxb3 11. axb3 a6 12. Kh1 Bd7 13. Be3 e5 14. Nde2 Bc6
15. Ng3 d5 16. Nxd5 Nxd5 17. exd5 Qxd5 18. Qe2 f6 19. Rad1 Qf7 20. Bb6 a5 21.
Ra1 a4 22. bxa4 Rxa4 23. Ne4 1-0